Ekonómia v novej ekonomike praktikum

Gespeichert in:
Bibliographische Detailangaben
1. Verfasser: Rozborilová, Dária
Weitere Verfasser: Čaplánová, Anetta, 1967-, Gonda, Vladimír, Hontyová, Kajetána, Martincová, Marta, 1955-, Muchová, Eva, 1961-, Piovarčiová, Veronika, 1951-, Lisý, Ján, Uramová, Mária
Format: Buch
Sprache:Slowakisch
Veröffentlicht: Bratislava IURA EDITION 2010
Ausgabe:3. preprac. a dopln. vyd.
Schriftenreihe:Ekonómia
Schlagworte:
Tags: Tag hinzufügen
Keine Tags, Fügen Sie das erste Tag hinzu!

MARC

LEADER 00000nam$a2200000$$$4500
001 0119250
005 20240502072329.1
020 |a 978-80-8078-343-3 
041 0 |a slo 
044 |a SK 
245 1 0 |a Ekonómia v novej ekonomike  |b praktikum  |c Daria Rozborilová a kolektív 
250 |a 3. preprac. a dopln. vyd. 
264 1 |a Bratislava  |b IURA EDITION  |c 2010 
300 |a 314 s. [10,2 AH] 
490 1 |a Ekonómia 
830 0 |a Ekonómia 
610 2 0 |a ekonómia 
610 2 0 |a ekonomika nová 
610 2 0 |a veda ekonomická 
610 2 0 |a analýza ekonomická 
610 2 0 |a trh 
610 2 0 |a správanie spotrebiteľa 
610 2 0 |a firmy 
610 2 0 |a výroba 
610 2 0 |a výkonnosť ekonomiky 
610 2 0 |a dôchodky 
610 2 0 |a spotreba 
610 2 0 |a úspory 
610 2 0 |a investície 
610 2 0 |a rast hospodársky 
610 2 0 |a cykly hospodárske 
610 2 0 |a peniaze 
610 2 0 |a sústava banková 
610 2 0 |a inflácia 
610 2 0 |a nezamestnanosť 
610 2 0 |a politika hospodárska 
610 2 0 |a makroekonomika 
610 2 0 |a obchod medzinárodný 
610 2 0 |a trh kapitálový medzinárodný 
610 2 0 |a hospodárstvo otvorené 
610 2 0 |a mena 
610 2 0 |a integrácia ekonomická medzinárodná 
100 1 |a Rozborilová, Dária 
700 1 |a Čaplánová, Anetta, 1967- 
700 1 |a Gonda, Vladimír 
700 1 |a Hontyová, Kajetána 
700 1 |a Martincová, Marta, 1955- 
700 1 |a Muchová, Eva, 1961- 
700 1 |a Piovarčiová, Veronika, 1951- 
700 1 |a Lisý, Ján 
700 1 |a Uramová, Mária